Personnages historiques défilant. - Statistiques

Statistiques générales
  • Ce quiz a été pris 522 fois
  • Le résultat moyen est 8 sur 12
Statistiques - réponses
Peronnages % Correct
Adolf Hitler
96%
Charles de Gaulle
96%
Mahatma Gandhi
94%
Albert Einstein
93%
Abraham Lincoln
87%
Jules César
82%
Victoria
76%
Charlemagne
62%
Nicolas II
40%
Charles Quint
10%
François-Joseph
10%
Giuseppe Garibaldi
8%
Aucun quiz correspondant
Distribution des résultats
% des personnes avec chaque résultat
Percentile par nombre de réponses
Votre historique - résultats
Vous n’avez pas pris ce quiz